Región Metropolitana de Managua : localización, Migración y movilidad de la población, 1990-2005
| Main Author: | |
|---|---|
| Format: | Section = Libro |
| Language: | Undetermined Spanish |
| Published: |
Nicaragua
[s.e.]
2009
|
| Subjects: |
| LEADER | 00640nam a2200217Ia 4500 | ||
|---|---|---|---|
| 008 | 240830s9999 xx 000 0 und d | ||
| 020 | |a 978-99924-991-6-0 | ||
| 040 | |a B-ESTELÍ- RUACS / 304.8 A775 | ||
| 041 | |a spa | ||
| 082 | |a 304.8 A775 | ||
| 100 | 1 | |a Arraigada, Camilo | |
| 245 | 1 | 0 | |a Región Metropolitana de Managua : localización, Migración y movilidad de la población, 1990-2005 |
| 260 | |a Nicaragua |b [s.e.] |c 2009 | ||
| 300 | |a 82 p. | ||
| 650 | 7 | |a MIGRACION INTERNA | |
| 650 | 7 | |b DISTRIBUCION DE LA POBLACION | |
| 650 | 7 | |c CONCENTRACION URBANA | |
| 650 | 7 | |d URBANIZACION | |
| 942 | |c BK |2 ddc | ||
| 991 | |a TEXTO | ||
| 999 | |c 10668 | ||